Normal view
MARC view
- Gunderson, Louise F
Entry Personal Name
001 - CONTROL NUMBER
- control field: 84811
003 - CONTROL NUMBER IDENTIFIER
- control field: NUST
005 - DATE AND TIME OF LATEST TRANSACTION
- control field: 20211122095225.0
008 - FIXED-LENGTH DATA ELEMENTS
- fixed length control field: 211122|| aca||aabn | a|a d
040 ## - CATALOGING SOURCE
- Original cataloging agency: NUST
- Transcribing agency: NUST
100 ## - HEADING--PERSONAL NAME
- Personal name: Gunderson, Louise F
670 ## - SOURCE DATA FOUND
- Source citation: Work cat.: (NUST)32971: Gunderson, James P. author. 84806, Robots, Reasoning, and Reification /
